000 002610000a22001210004500
041 0 _aespaƱol
082 0 4 _aDVD 048
110 1 _aWalt Disney
245 1 0 _aArt attack 3 / Disney chanel
505 0 0 _aActividades. duracion 168 min.
001 1201
942 _cLGB
999 _c48375
_d48375